Fr. Conceicao Rodrigues College of Engineering

The complete prophecies for the future. (Record no. 25216)

MARC details
000 -LEADER
fixed length control field 00345nam a2200157Ia 4500
082 ## - DEWEY DECIMAL CLASSIFICATION NUMBER
Classification number 133.3/NOS
Item number NOS
100 ## - MAIN ENTRY--PERSONAL NAME
Personal name Nostradamus
245 ## - TITLE STATEMENT
Title The complete prophecies for the future.
260 ## - PUBLICATION, DISTRIBUTION, ETC.
Name of publisher, distributor, etc. Watkins Publisher
Place of publication, distribution, etc. London
Date of publication, distribution, etc. 2007
366 ## - TRADE AVAILABILITY INFORMATION
Publishers's discount category 17.5
300 ## - PHYSICAL DESCRIPTION
Extent 340
546 ## - LANGUAGE NOTE
Language note ENGLISH
650 ## - SUBJECT ADDED ENTRY--TOPICAL TERM
Topical term or geographic name entry element General
942 ## - ADDED ENTRY ELEMENTS (KOHA)
Koha item type BOOK
Holdings
Withdrawn status Lost status Damaged status Not for loan Collection Home library Current library Date acquired Source of acquisition Cost, normal purchase price Inventory number Total Checkouts Full call number Barcode Date last seen Cost, replacement price Price effective from Koha item type
        CRC Fr. Agnel's C.Rodrigues College of Engineering Fr. Agnel's C.Rodrigues College of Engineering 17/03/2023 Educational books and periodicals 325.88 258 dt 27/04/2009   133.3/NOS NOS 19605 17/03/2023 395.00   BOOK